000 00458cam a22001337a 4500
008 180718b1975 xxu||||| |||| 00| 0 eng d
082 _aT3942x54 In2/FYI/1970
100 _aTariff Commission
245 _aReport on price structure of man made fibres and yarns, Bombay, 1970
_cby Tariff Commission, India
260 _aDelhi
_bThe Controller of Publications
_c1975
300 _a343+p.
500 _aChairman: B.N. Banerji
700 _aBanerji, B.N. (Chairman)
999 _c489730
_d489730